| 000 | 00369pab a2200133 454500 | ||
|---|---|---|---|
| 008 | 180718b xxu||||| |||| 00| 0 eng d | ||
| 100 | _aHanda Sunil | ||
| 245 | _aInnovative means of financing higher education | ||
| 362 | _a31(40), 4 Oct 93, p.19-20 | ||
| 650 | _a Higher Education | ||
| 650 | _aEducation, Higher -- Finance | ||
| 773 | _aUniversity News | ||
| 909 | _a25358 | ||
| 999 |
_c25358 _d25358 |
||